000 01156cam a2200301 a 4500
001 000011620
005 20200929162514.0
008 030330s2002 mx a b 001 0 spa d
020 _a9701880633
035 _a(CRlLL)ll0000001830
040 _aDO-SdBNP
_cDLC
042 _apcc
043 _an-mx---
082 _a700.72
_bR696c
100 1 _aRodríguez Salazar, Luis Mauricio.
_927494
245 1 0 _aCampeche :
_barte, fe y folclor religioso : una alternativa de turismo en la ciudad /
_cLuis Mauricio Rodríguez Salazar, Bracilia Cardeña Alamina ; prólogo Rolando V. Jiménez Domínguez.
260 _aMéxico :
_bInstituto Politécnico Nacional,
_c2002.
300 _a75 p. :
_bil. ;
_c21 x 27 cm.
504 _aIncluye referencias bibliográficas (p. 71-74).
650 4 _aArte cristiano
_zMéxico
_927495
650 4 _aIglesias
_xDecoración y ornamentación
_927496
650 4 _aArquitectura religiosa
_zMéxico
_927497
651 4 _aCampeche (México{Rpara}
_927498
700 1 _aCardeña Alamina, Bracilia.
_927499
700 1 _aJiménez Domínguez, Rolando V.
_epról.
_927500
910 _aCatalogación por copia / LC
049 _aBNGR
999 _c11313
_d11313